"Kisgyermekek, nagy piac" A reklámok hatásának elemzése a 3-10 éves korosztály körében

Bibliographic Details
Main Author: Bárány Katalin
Other Authors: Szántó dr Szilvia
Format: Thesis
Kulcsszavak:Reklám
Televízió
Gyermek
Reklámhatás
gyermekreklám
Online Access:http://dolgozattar.uni-bge.hu/1872

MARC

LEADER 00000nta a2200000 i 4500
001 dolg1872
005 20150901131141.0
008 150427suuuu hu om 000 hun d
040 |a BGE Dolgozattár Repozitórium  |b hun 
041 |a hu 
100 1 |a Bárány Katalin 
245 1 0 |a "Kisgyermekek, nagy piac" A reklámok hatásának elemzése a 3-10 éves korosztály körében  |c Bárány Katalin  |h [elektronikus dokumentum] 
695 |a Reklám 
695 |a Televízió 
695 |a Gyermek 
695 |a Reklámhatás 
695 |a gyermekreklám 
700 1 |a Szántó dr Szilvia  |e ths 
856 4 0 |u http://dolgozattar.uni-bge.hu/1872/1/B%C3%81R%C3%81NY%20KATALIN%20SZAKDOLGOZAT.pdf  |z Dokumentum-elérés